| 000 | 00641nam a22002172 4500 | ||
|---|---|---|---|
| 001 | 0000004671 | ||
| 005 | 20151217145820.0 | ||
| 008 | 070528s xx 000 0 eng d | ||
| 020 | _a306304708 : | ||
| 040 |
_aKABU _cKABU |
||
| 050 | 0 |
_aQH608 _b.A35 |
|
| 245 | 1 | 0 |
_aAging in cell and tissue culture / _ced. by Emma Holeckova, Vincent J. Cristofalo. |
| 260 |
_aNew York : _bPlenum Press, _c1970. |
||
| 300 | _axx, 163 p. | ||
| 650 | 0 |
_aCells _xAging. _@0000155353 |
|
| 650 | 0 |
_aCell culture. _@0000155354 |
|
| 700 | 1 |
_aHoleckova, Emma. _@0000155355 |
|
| 908 | _a070528 | ||
| 950 | _@1 | ||
| 999 |
_c2865 _d2865 |
||